000 00947cas a22003017ar4500
005 20220329142047.0
008 990517d1919 gw qr pernn 0 a0b0ger d
010 _a77801
011 _a78773
022 0 _a0066-1759
035 _a88840
245 0 0 _aAngewandte Botanik
260 0 _aBerlin, Germany :
_bVereinigung for Angewandte Botanik E.V.,
_c1919-
300 _av.
310 _aTrimestral
362 1 _av.39 n.4, 1965.
590 _aBATCH-UPD
_b10
_c20130110
_lUCH01
_h2248
590 _aBATCH-UPD
_b10
_c20130410
_lUCH01
_h1542
590 _aBATCH-UPD
_b10
_c20130914
_lUCH01
_h0737
590 _aCONVERSION
_b10
_c20130109
_lUCH01
_h1343
650 1 4 _aBotánica
_xPublicaciones periódicas.
_914606
780 _tJahhesbericht der Vereinigung fur Agewandte Botanik
866 _av.37 n.1-4 (1963)
866 _av.38 n.1-6 (1964-1965)
866 _av.39 n.1-4 (1965)
901 _aSE
905 _aMarco A. Mendoza T.
999 _c77801
_d77801